Angel María de Lera en el recuerdo. (Record no. 91022)

MARC details
000 -LEADER
campo de control de longitud fija 00605nam a2200181 i 4500
001 - NÚMERO DE CONTROL
campo de control 91022
003 - IDENTIFICADOR DE NÚMERO DE CONTROL
campo de control ES-MaACL
005 - FECHA Y HORA DE LA ÚLTIMA TRANSACCIÓN
campo de control 20231211200242.0
007 - CAMPO FIJO DE DESCRIPCIÓN FÍSICA--INFORMACIÓN GENERAL
campo de control de longitud fija t|
008 - DATOS DE LONGITUD FIJA--INFORMACIÓN GENERAL
campo de control de longitud fija 050126s1984 sp a |||| |dspa d
245 00 - MENCIÓN DEL TÍTULO
Título Angel María de Lera en el recuerdo.
260 ## - PUBLICACIÓN, DISTRIBUCIÓN, ETC.
Lugar de publicación, distribución, etc. [Madrid] :
Nombre del editor, distribuidor, etc. República de las Letras,
Fecha de publicación, distribución, etc. 1984.
300 ## - DESCRIPCIÓN FÍSICA
Extensión 74 p. :
Otras características físicas il. ;
Dimensiones 31 cm.
595 ## -
-- República de las Letras, órgano de la Asociación Colegial de Escritores de España, n. 12 oct.-dic. 1984.
600 14 - PUNTO DE ACCESO ADICIONAL DE MATERIA--NOMBRE DE PERSONA
Nombre de persona Lera, Ángel María de,
Fechas asociadas al nombre 1912-1984
9 (RLIN) 71742
852 ## - LOCALIZACIÓN
Ubicación ES-MaACL
Número de control de estantería L-7220
Holdings
Estatus retirado Estado de pérdida Estado de daño No para préstamo Biblioteca de origen Biblioteca actual Ubicación en estantería Fecha de adquisición Fuente de adquisición Total de préstamos Signatura topográfica completa Código de barras Visto por última vez Precio de reemplazo Tipo de ítem Koha
        Biblioteca del Ateneo de Madrid Biblioteca del Ateneo de Madrid Depósito 2 17/01/2008     L-7220 1095033 23/02/2023 23/02/2023 Libro impreso